¿Por qué tomarse la molestia de hacer elecciones? : pequeño manual para entender el funcionamiento de la democracia /

Guardado en:
Autor Principal: Przeworski, Adam.
Otros Autores: Galettini, Azucena., (trad.)
Formato: Libro
Idioma:Spanish
Publicado: Ciudad Autónoma de Buenos Aires : Siglo Veintiuno Editores, 2019.
Edición:1a. ed.
Series:Política y Derecho / dirigida por Roberto Gargarella y Paola Bergallo
Materias:
Etiquetas: Agregar Etiqueta
Sin Etiquetas, Sea el primero en etiquetar este registro!
LEADER 01159nam a22001935a 4500
001 DER.der014713
008 220601s2019####ag############000#0#spa#d
005 20251230145244.0
245 1 0 |a ¿Por qué tomarse la molestia de hacer elecciones? :  |b pequeño manual para entender el funcionamiento de la democracia /  |c Adam Przeworski; Traducción de Azucena Galettini. 
250 |a 1a. ed. 
260 |a Ciudad Autónoma de Buenos Aires :  |b Siglo Veintiuno Editores,  |c 2019. 
300 |a 173 p. 
490 1 |a Política y Derecho / dirigida por Roberto Gargarella y Paola Bergallo 
505 0 |a Cómo funcionan las elecciones: La idea de elegir gobiernos. Proteger la propiedad. Competir por la ventaja partidaria. ¿Qué es inherente a las elecciones? -- Lo que las elecciones pueden y no pueden lograr: La suma de las voluntades. racionalidad. representación, responsabilidad y control de los gobiernos. Dese´mpaño económico. Igualdad económica y social. Paz civil -- Conclusiones 
020 |a 9789876298957 
100 1 |a Przeworski, Adam. 
700 1 |a Galettini, Azucena.,  |e trad. 
650 7 |a DERECHO CONSTITUCIONAL 
859 |a DERECHO  |b BIB. DERECHO  |h 324.6  |i P973  |p 0010057